00685 2200253 4500001002100000005001700021008004100038020001800079035002500097084002000122100002300142245007100165250001100236260002500247300003000272440001900302650002300321700001500344850001200359999001500371999001500386999001500401999001500416YOGYA-0209000003668720150922110206.0 ind  a979-752-310-1 a0010-020900000036687 aK 028.55bHar S aHARIANTO A.F., Kak aSiamang penyanyi hutanc/ Kak Harianto A.F. ; ilustrasi, Kak Agung aCet. 1 aBandungbMizanc2005 a23 hlm. :bilus. ;c24 cm aDongeng balita aBacaan kanak-kanak aAgung, Kak aYOPDYOG a06P0000921 a06P0000922 a06P0000923 a06P0000924